00191nam a2200085Ia 4500008004100000100001800041245001600059260002100075260000900096170620s9999 xx 000 0 und d aMaurya - R.R. 0aCompany Law bCentral Law Pub. c2000